000 00267nam a22001217a 4500
008 260211b ||||| |||| 00| 0 eng d
041 _aeng
080 _80010
_a0001
100 _a20
101 _aital
245 _aViva Verdi
_cAlberto Cristofori
942 _2lcc
_cBK
999 _c60767
_d60767